| 000 | 00732nam a2200265Ia 4500 | ||
|---|---|---|---|
| 001 | 3326 | ||
| 005 | 20240113233623.0 | ||
| 007 | ta | ||
| 008 | 050427s1994 a g b000 u eng u | ||
| 020 | _a81-7371-019-8 | ||
| 040 | _aCoptton College Assa | ||
| 041 | _aeng | ||
| 082 |
_a531 _bRe 246 El |
||
| 100 | _aK Rama Reddy, K Rama . | ||
| 245 | 0 |
_aElements of Mechanics / _cK Rama Reddy S Raghavan and D V N Sarma. _hTextual Documents |
|
| 250 | _a1st ed. / | ||
| 260 |
_aHyderabad : _bUniversity Press , _c1994. |
||
| 300 |
_a335p. : _bill ; _c24 cm. . |
||
| 504 | _aAppendix, Bibliography and Index. | ||
| 653 | _aMechanics | ||
| 942 |
_2ddc _cBK |
||
| 999 |
_c3314 _d3314 |
||